| 000 | 00842cam a22002653a 4500 | ||
|---|---|---|---|
| 001 | 18283 | ||
| 003 | PGUSA | ||
| 005 | 20140828083405.0 | ||
| 008 | 060429s2006||||xxu|||||s|||||000 | eng d | ||
| 040 |
_aPGUSA _beng |
||
| 042 | _adc | ||
| 050 | 4 | _aBX | |
| 100 | 1 |
_aElliott, Walter, _d1842-1928 |
|
| 245 | 1 | 0 |
_aLife of Father Hecker _h[electronic resource] / _cWalter Elliott |
| 260 |
_bProject Gutenberg, _c2006 |
||
| 506 | _aPublic domain in the USA. | ||
| 516 | _aElectronic text | ||
| 653 | _aCatholic converts -- United States -- Biography | ||
| 653 | _aPaulist Fathers -- United States -- Biography | ||
| 653 | _aHecker, Isaac Thomas, 1819-1888 | ||
| 653 | _aCatholic Church -- United States -- History -- 19th century | ||
| 830 | 0 |
_aProject Gutenberg _v18283 |
|
| 856 | 4 | 0 | _uhttp://www.gutenberg.org/ebooks/18283 |
| 942 | _cEB | ||
| 999 |
_c247538 _d247538 |
||